Bon Jovi or Queen? - Statistics

General Stats
  • This quiz has been taken 118 times
  • The average score is 17 of 20
Answer Stats
Question Answer % Correct
Don't Stop Me Now Queen
100%
Another One Bites The Dust Queen
100%
You Give Love A Bad Name Bon Jovi
98%
Bohemian Rhapsody Queen
98%
Livin' On A Prayer Bon Jovi
97%
Runaway Bon Jovi
96%
The Show Must Go On Queen
96%
Bed Of Roses Bon Jovi
95%
Bad Medicine Bon Jovi
91%
Only Lonely Bon Jovi
86%
Social Disease Bon Jovi
83%
Keep The Faith Bon Jovi
77%
She Don't Know Me Bon Jovi
73%
Save Me Queen
73%
Keep Yourself Alive Queen
72%
Lay Your Hands On Me Bon Jovi
71%
Staying Power Queen
69%
Body Language Queen
64%
Let Me Entertain You Queen
61%
Father To Son Queen
51%
No matching quizzes found
Score Distribution
Percent of People with Each Score
Percentile by Number Answered
Your Score History
You have not taken this quiz